| 000 | 00365nam a2200133 a 4500 | ||
|---|---|---|---|
| 005 | 20140414132104.0 | ||
| 008 | 100823s19uu xx 00 eng d | ||
| 050 |
_aTR 599 _bT21 2010 |
||
| 100 | _aTaylor, Barbara | ||
| 245 |
_aThe mammal book : _bJaws, paws, claws and more.. |
||
| 260 |
_aLondon : _bCarlton books ltd, _c2010. |
||
| 650 | _aMammal | ||
| 999 |
_c114547 _d114547 |
||